000 00929nam a22002417a 4500
003 OSt
005 20150408114218.0
008 140517s2012 nyua f b i00| 0 eng d
020 _a9789211170689
040 _aMa-Un
082 0 4 _222
_a658
_bJLR
100 1 _aJachia, Lorenza.
_945305
245 1 0 _aRisk management in regulatory frameworks :
_btowards a better management of risks /
_c[authored by Lorenza Jachia and Valentin Nikonov]
260 _aNew York :
_bUnited Nations,
_c2012.
300 _axii, 106 p. :
_bill. ;
_c30 cm.
500 _aAt head of title: United Nations Economic Commission for Europe.
504 _aIncludes bibliographical references (p. 100-106)
650 _aRisk management
_xLaw and legislation
_945306
650 _aHazard mitigation
_xLaw and legislation
_945307
700 1 _aNikonov, Valentin.
_945308
710 2 _aUnited Nations.
_bEconomic Commission for Europe
_945309
942 _2ddc
_cBOOK
999 _c35151
_d269651